000 00324nam a2200133Ia 4500
008 100328s9999 xx 000 0 und d
082 _b67995
100 _aLudlum Robert.
245 _aThe Bancroft Strategy.
260 _bOrion.
630 _aThe Bancroft Strategy.
730 _aThe Bancroft Strategy.
942 _cBOOK
999 _c553734
_d553731